| 000 | 00718nam a2200241 a 4500 | ||
|---|---|---|---|
| 001 | BRL_943 | ||
| 005 | 20190320210949.0 | ||
| 008 | 281013s1979----mx-a######---#000-0#spa-# | ||
| 041 | _aspa | ||
| 044 | _amx | ||
| 050 | 4 |
_aF1218.5 _b.V57 1979 |
|
| 110 | 2 |
_aMuseo Nacional de Antropología (Mexico) _925393 |
|
| 245 | 1 | 0 | _aUna Visión del Museo Nacional de Antropología |
| 260 |
_aMéxico, D.F. _bSEP : INAH _c1979 |
||
| 300 |
_a259 p. _bil. _c20 cm. |
||
| 500 | _aAu1076 | ||
| 500 | _aIncluye dedicatoria a Ruth Lechuga | ||
| 504 | _aBibliografía: p. 123-125 y 253-259 | ||
| 610 | 2 | 4 |
_aMuseo Nacional de Antropología (Mexico) _925393 |
| 650 | 1 | 4 |
_aIndígenas de México _94678 |
| 902 | _aGRL | ||
| 942 |
_2lcc _cB |
||
| 999 |
_c9755 _d9755 |
||